[Event "Sanxenxo Carlos op 8th"]
[Site "Sanxenxo"]
[Date "2016.07.03"]
[Round "9"]
[White "Gonzalez Gonzalez, Alfonso"]
[Black "Delgado Rodriguez, Fco Javie"]
[Result "1-0"]
[WhiteElo "2157"]
[BlackElo "1974"]
[PlyCount "108"]
[EventDate "2016.06.25"]
[EventType "swiss"]
[EventRounds "9"]
[EventCountry "ESP"]
[SourceTitle "CBM 173 Extra"]
[Source "ChessBase"]
[SourceDate "2016.08.29"]
[SourceVersion "1"]
[SourceVersionDate "2016.08.29"]
[SourceQuality "1"]

1. d4 e6 2. e4 d5 3. e5 c5 4. Nf3 Nc6 5. c3 Qb6 6. a3 c4 7. Nbd2 Bd7 8. Rb1 Qc7 9. Be2 f6 10. 0-0 Be7 11. b3 cxb3 12. c4 fxe5 13. cxd5 exd5 14. dxe5 Nh6 15. Nxb3 Bf5 16. Ra1 0-0-0 17. Bf4 Kb8 18. Nbd4 Bc8 19. Nb5 Qa5 20. e6+ Ka8 21. Nc7+ Kb8 22. Ne8+ Ka8 23. Bc7 Qc5 24. Nxg7 Rdg8 25. Qd2 d4 26. Qxh6 Bf8 27. Qh5 Rxg7 28. Qxc5 Bxc5 29. Bg3 Bxe6 30. Rfc1 Bb6 31. Ne5 Rc8 32. Nc4 Bc7 33. Bf3 Bxg3 34. hxg3 d3 35. Nd2 Rgc7 36. Re1 Bf5 37. g4 Bg6 38. Rab1 a6 39. Rb6 Nd4 40. Rxa6+ Kb8 41. Rd6 Nxf3+ 42. Nxf3 Rc1 43. Kh2 Rxe1 44. Nxe1 Rc3 45. f4 Kc7 46. Rd4 Rxa3 47. f5 Bf7 48. Nxd3 Ra6 49. Nc5 Rh6+ 50. Kg3 Be8 51. Ne6+ Kb6 52. Rd1 Rf6 53. Kf4 h6 54. Ke5 Rf7 1-0

[Event "Sanxenxo Carlos op 6th"]
[Site "Sanxenxo"]
[Date "2014.06.22"]
[Round "2"]
[White "Delgado Rodriguez, Fco Javie"]
[Black "Garcia Castro, Pablo"]
[Result "0-1"]
[WhiteElo "2007"]
[BlackElo "2357"]
[PlyCount "70"]
[EventDate "2014.06.21"]
[EventType "swiss"]
[EventRounds "9"]
[EventCountry "ESP"]
[SourceTitle "CBM 161 Extra"]
[Source "ChessBase"]
[SourceDate "2014.08.29"]
[SourceVersion "1"]
[SourceVersionDate "2014.08.29"]
[SourceQuality "1"]

1. d4 d6 2. Nf3 Bg4 3. e4 g6 4. Be3 Bg7 5. c4 c5 6. Qd2 Bxf3 7. gxf3 Qb6 8. e5 Nc6 9. dxc5 dxc5 10. f4 Rd8 11. Qc1 Nd4 12. Bg2 Nh6 13. Nc3 e6 14. Bxd4 Rxd4 15. Nb5 Rd7 16. 0-0 0-0 17. Rd1 Rfd8 18. Rd6 Rxd6 19. exd6 a6 20. Nc3 Rxd6 21. Rb1 Nf5 22. Ne4 Rd8 23. Qe1 Qc7 24. b4 cxb4 25. Qxb4 Qxf4 26. Qxb7 Be5 27. Re1 Qxh2+ 28. Kf1 Nh4 29. Nc5 Rd2 30. Nd7 Rxd7 31. Qxd7 Qxg2+ 32. Ke2 Qg4+ 33. Kd3 Qf3+ 34. Kc2 Qxf2+ 35. Qd2 Qxd2+ 0-1